000 01066naa a22002897a 4500
001 BR7200810
003 BR-BrBNA
005 20240918173437.0
007 ta
008 230509b bl.||||| |||| 00| 0 por d
040 _aBR-BrBNA
_bpor
_cBiblioteca Nacional de Agricultura
041 _a(Pt)
072 _aQ10
_b1540
090 _aQ10 BR7200810
100 1 _aJoia, J.
111 1 _a6. Reuniao da Comissao Nacional da Mandioca
_cRecife, PE (Brazil)
_d1972
245 1 _aAdaptacao de um aparelho para a dosagem do acido cianidrico em mandioca e seus derivados [analise de alimento]
260 3 _aBrasilia, DF (Brasil):
_c1972.
500 _aAnais da 6. Reuniao da Comissao Nacional da Mandioca Brasilia, DF (Brasil): 1972. p. 103-108 (BR7200810-AM)Q10
650 _aMANDIOCA
650 _aSUBPRODUTO
650 _aANALISE DE ALIMENTO
650 _aACIDO PRUSSICO
773 0 _tAnais da 6. Reuniao da Comissao Nacional da Mandioca
_wQ10 BR7200810
_gBrasilia, DF (Brasil), 1972. p. 103-108
909 _a202404
_bLucia
_c55
_dLucia Elande
942 _cAM
_2AGRIS
999 _c304638
_d304638